| 000 | 00682nam a22002177a 4500 | ||
|---|---|---|---|
| 003 | OSt | ||
| 005 | 20140310181929.0 | ||
| 008 | 130722t xxu||||| |||| 00| 0 eng d | ||
| 050 |
_aQA 37.2 _b.C241 2011 |
||
| 082 |
_aTR 510 _bC241fpm 2011 |
||
| 100 |
_aDave Capewell _92570 |
||
| 245 |
_aOxford AQA GCSE maths : _bfoundation plus modular / _cDave Capewell |
||
| 260 |
_aOxford UK. _bOxford University Press. _cc2011. |
||
| 300 |
_a448 p. _bill. ; (some col.) ; _c25 cm. |
||
| 520 | _aFaculty | ||
| 541 | _j1 | ||
| 562 | _e1 | ||
| 650 |
_aMathematics _xExaminations. _xStudy guides. _92571 |
||
| 650 |
_aMathematics _xProblems, exercises, etc. _92572 |
||
| 942 |
_2lcc _cBK-TR _kTR |
||
| 999 |
_c7280 _d7280 |
||